000 00580nam a2200205 i 4500
001 147513
003 ES-MaACL
005 20250804062748.0
007 t|
008 071001s1965 sp ||||1| spa d
080 _a1(04)
100 1 _aUlmer, Karl.
_9111952
245 1 3 _aEl objeto de la filosofía /
_cKarl Ulmer ; [traducción de Alejandro Ros].
260 _aBarcelona :
_bHerder,
_c1965.
300 _a116 p. ;
_c18 cm.
650 1 7 _aFilosofía
_2embne
_912802
700 1 _aRos, Alejandro.
_999564
852 _aES-MaACL
_jC-27243
_bR.56304
999 _c147513
_d147513